Регионална библиотека "Любен Каравелов" - Русе

Трите стълба на музиката (Запис номер 114492)

MARC детайли
000 -Лидер
Контролно поле с фиксирана дължина 01713nam a2200397 c 4500
003 - Код на организацията, давaща контролен номер
Контролно поле BLK
005 - Дата и час на последна редакция
Контролно поле 20240711135916.0
008 - Елементи от данни с фиксирана дължина
fixed length control field 180409b bul|||||r ||||||| ||bul||
010 ## - Наследен системен номер
LC control number KNG00119923000
040 ## - Източник на каталожния запис
Идентификатор на билиотеката - собственик на записа BLK
041 ## - Код за език
Код за езика на текст/звукозапис или на отделно заглавие Български
Код за езика КДБФ Български
080 ## - УДК
Текстов определител УДК Музика
УДК код - определител по УДК 78
УДК определител (02.053.2)
УДК - код + определител 78(02.053.2)
100 1# - Редна дума - Автор
Автор Кабалевски, Дмитрий Борисович
Авторска отговорност първи автор
R(LIN) 313516
139 ## - Редно поле
Редна дума Кабалевский, Дмитрий Борисович
Авторски знак Каб - К 12
245 10 - Сведения за заглавието
Заглавие Трите стълба на музиката
Подзаглавни данни Науч.-попул. четиво за деца и юноши
Редно поле (дума) Дмитрий Борисович Кабалевски; прев. от рус. Васил Янков.
250 ## - Област на изданието
Сведения за изданието 2. изд.
257 ## - Страна на издаване
Страна на създаване/издаване СССР
260 ## - Област на издателските данни
-- София
Име на издателя, разпространителя и проч. Музика
Година на издаване 1976
Печатница Ямбол : Г. Димитров
300 ## - Физическа характеристика
Страници 223 с.
Илюстрации и др. с ил.
Размери/Мащаб 20 см
380 ## - Жанр
Жанр Изкуство
500 ## - Общи забележки
Забележка Ориг. загл. Про трех китов и про многое другое / Д. Кабалевский. - 1. изд. 1973.
650 #4 - Допълнително описание по предмет – тема
Основно описание – тема или топоним Музика
9 (RLIN) 162855
650 #4 - Допълнително описание по предмет – тема
Основно описание – тема или топоним Музикални жанрове и форми
9 (RLIN) 276909
653 ## - Ключова дума – ненормативна
Ключова дума музика
653 ## - Ключова дума – ненормативна
Ключова дума музикални жанрове
653 ## - Ключова дума – ненормативна
Ключова дума музикално възпитание
653 ## - Ключова дума – ненормативна
Ключова дума литература за деца
653 ## - Ключова дума – ненормативна
Ключова дума детска литература
700 1# - Други автори (авторска отговорност)
Лично име Янков, Васил
Автороска отговорност (Описва отношението между автора и произведението) прев. от рус.
9 (RLIN) 366872
852 ## - Местоположение
Форматна сигнатура Цб 80784
856 4# - Електронен адрес и достъп
Електронен формат pdf - файл
Път до файла /url/
856 4# - Електронен адрес и достъп
Електронен формат pdf - файл
Път до файла /url/
942 ## - АРТИКУЛИ
Вид на библиотечния материал Книги
Скрит в OPAC Не
Koha issues (borrowed), all copies 2
944 ## - СЪЗДАВАНЕ И РЕДАКЦИЯ на ЗАПИСА
Създаване/Редакция Създаване
Дата на регистрацията/редакция 15.10.2010
Статус, дата на статуса Цветомила Тодорова
Служител, извършил регистрацията/редакцията 30576
944 ## - СЪЗДАВАНЕ И РЕДАКЦИЯ на ЗАПИСА
Създаване/Редакция Редакция
Дата на регистрацията/редакция 05.09.2017
Статус, дата на статуса ф / 15.10.2010
Служител, извършил регистрацията/редакцията Людмила_Стоянова
999 ## - СИСТЕМНИ КОНТРОЛНИ НОМЕРА
Koha biblionumber 114492
Koha biblioitemnumber 114492
Наличности
Код за отписване Код за изгубен артикул Източник на класификационната схема Код за повреда Коз за рестрикции Код за отдаване Артикулен № Име на библиотеката - собственик Име на библиотеката, в която се намира в момента Статус (Текущо местоположение) Дата на вписване в системата Местоположение - отдел Цена в лева Инвентарен номер Систематично азбучна сигнатура Баркод Номер на екземпляра Цена в евро Служебна бележка Служебен тип на артикула
  Не е изгубен Universal Decimal Classification Не е повреден без рестрикции ползва се в читалня 183456 Регионална библиотека "Любен Каравелов" Русе Регионална библиотека "Любен Каравелов" Русе Хранилище 1976-01-01 Хранилище 0.76 203630 Цб 80784 120000203630 1 0.39 Дост: Dp Вид: Д N: стар фонд Дата: 01.01.1976 Книги
  Не е изгубен Universal Decimal Classification Не е повреден без рестрикции заемане за дома 183457 Регионална библиотека "Любен Каравелов" Русе Регионална библиотека "Любен Каравелов" Русе Отдел Изкуство - подръчен фонд 1976-01-01 Отдел Изкуство - подръчен фонд 0.76 204345 78/К 12 120000204345 2 0.39 Дост: Pk Вид: Ф N: стар фонд Дата: 01.01.1976 Дата инв: 18.06.2012 Бележки инв: * Книги
Изтеглен Не е изгубен Universal Decimal Classification Не е повреден без рестрикции заемане за дома 183458 Регионална библиотека "Любен Каравелов" Русе Регионална библиотека "Любен Каравелов" Русе Детски отдел 1976-01-01 Детски отдел 0.76 205210 ДН 7/К 12 205210 3 0.39 Дост: Pk Вид: Ф N: стар фонд Дата: 01.01.1976 Дата инв: 02.10.2015 Бележки инв: Д2015 Книги
Изтеглен Не е изгубен Universal Decimal Classification Не е повреден без рестрикции заемане за дома 183459 Регионална библиотека "Любен Каравелов" Русе Регионална библиотека "Любен Каравелов" Русе Детски отдел 1976-01-01 Детски отдел 0.76 569455 ДН 7/К 12 569455 4 0.39 Дост: Pk Вид: Ф N: стар фонд Дата: 01.01.1976 Дата инв: 02.10.2015 Бележки инв: Д2015 Книги
Изтеглен Не е изгубен Universal Decimal Classification Не е повреден без рестрикции заемане за дома 183460 Регионална библиотека "Любен Каравелов" Русе Регионална библиотека "Любен Каравелов" Русе Отдел Изкуство - подръчен фонд 2010-10-06 Отдел Изкуство - подръчен фонд 5.00 120000746281 78/К 12 120000746281 5 2.56 Дост: DA Вид: А N: 21 Дата: 06.10.2010 Дата инв: 02.10.2015 Бележки инв: Д2015 Книги
Vip Innovations Ltd, Rousse, Bulgaria 2025